[Event "Sao Paulo-chT"]
[Site "Sao Paulo"]
[Date "2019.03.10"]
[Round "7.4"]
[White "Catozzo, Vinicius Jr"]
[Black "Tannous, Thiago Saddi"]
[Result "1-0"]
[WhiteElo "2078"]
[BlackElo "1752"]
[PlyCount "61"]
[EventDate "2019.02.23"]
[EventType "team-tourn"]
[EventRounds "7"]
[EventCountry "BRA"]
[SourceTitle "CBM 189 Extra"]
[Source "ChessBase"]
[SourceDate "2019.06.03"]
[SourceVersion "1"]
[SourceVersionDate "2019.06.03"]
[SourceQuality "1"]
[WhiteTeam "Sao Jose FIP"]
[BlackTeam "Pinheiros"]
[WhiteTeamCountry "BRA"]
[BlackTeamCountry "BRA"]

1. d4 Nf6 2. c4 g6 3. Nc3 Bg7 4. e4 d6 5. f3 0-0 6. Be3 Nbd7 7. Bd3 e5 8. d5 Nc5 9. Bc2 a5 10. Nge2 Ne8 11. Qd2 f5 12. 0-0 f4 13. Bf2 Qg5 14. Kh1 h5 15. a3 h4 16. Ng1 h3 17. Nxh3 Bxh3 18. gxh3 Qh5 19. Bxc5 dxc5 20. Qg2 Nf6 21. Rg1 Kf7 22. Nd1 Rae8 23. Nf2 Nh7 24. Qg4 Qh6 25. Ba4 Re7 26. Bd7 Bf6 27. Be6+ Kg7 28. Bf5 Bg5 29. h4 gxf5 30. exf5 Rh8 31. hxg5 1-0

[Event "Hebraica op 25th"]
[Site "Hebraica"]
[Date "2018.01.14"]
[Round "6"]
[White "Da Silva, Angelo Luiz"]
[Black "Catozzo, Vinicius Jr"]
[Result "0-1"]
[WhiteElo "1931"]
[BlackElo "2072"]
[PlyCount "72"]
[EventDate "2018.01.12"]
[EventType "swiss"]
[EventRounds "6"]
[EventCountry "BRA"]
[SourceTitle "CBM 182 Extra"]
[Source "ChessBase"]
[SourceDate "2018.02.23"]
[SourceVersion "1"]
[SourceVersionDate "2018.02.23"]
[SourceQuality "1"]

1. e4 c6 2. d4 d5 3. exd5 cxd5 4. Bd3 Nf6 5. c3 Nc6 6. Bf4 Bg4 7. Qb3 Qd7 8. Nd2 e6 9. Ngf3 Bxf3 10. Nxf3 a6 11. Ne5 Qc8 12. h3 Be7 13. 0-0 0-0 14. a4 Rd8 15. Qd1 g6 16. Qf3 Nh5 17. Bh6 Nxe5 18. dxe5 Qc7 19. Qe2 Bc5 20. g4 Ng3 21. Qf3 Nxf1 22. Qf6 Bf8 23. Bxf8 Rxf8 24. Rxf1 Qd8 25. Qf4 Qh4 26. Kg2 f6 27. exf6 Qxf6 28. Qe3 e5 29. Be2 Rad8 30. Qc5 Kh8 31. a5 e4 32. f4 d4 33. f5 Qd6 34. cxd4 Qxc5 35. dxc5 gxf5 36. gxf5 Rd7 0-1

[Event "Sao Paulo Interclubs Paulista"]
[Site "Sao Paulo"]
[Date "2017.03.11"]
[Round "5.2"]
[White "Oshiro, Waldir"]
[Black "Catozzo, Vinicius Jr"]
[Result "0-1"]
[WhiteElo "2035"]
[BlackElo "2203"]
[PlyCount "56"]
[EventDate "2017.03.04"]
[EventType "team-tourn"]
[EventRounds "7"]
[EventCountry "BRA"]
[SourceTitle "CBM 177 Extra"]
[Source "ChessBase"]
[SourceDate "2017.04.27"]
[SourceVersion "1"]
[SourceVersionDate "2017.04.27"]
[SourceQuality "1"]
[WhiteTeam "Sao Jose Taimanov"]
[BlackTeam "Sao Jose FIP"]
[WhiteTeamCountry "BRA"]
[BlackTeamCountry "BRA"]

1. d4 d5 2. Nf3 Nf6 3. c4 c6 4. Nc3 e6 5. Bg5 Nbd7 6. e3 Be7 7. Bd3 dxc4 8. Bxc4 b5 9. Bd3 a6 10. 0-0 c5 11. dxc5 Nxc5 12. Bc2 Bb7 13. Rc1 0-0 14. Qe2 b4 15. Rfd1 Qa5 16. Nb1 Nce4 17. Bh4 Qh5 18. Nbd2 Nxd2 19. Rxd2 Bxf3 20. Qxf3 Qxh4 21. Rd4 Qg5 22. h4 Qa5 23. Bb1 Rad8 24. Rdc4 Qh5 25. Qh3 Rd1+ 26. Kh2 Bd6+ 27. g3 Qe2 28. Qg2 Ng4+ 0-1

[Event "Sao Paulo Interclubs Paulista"]
[Site "Sao Paulo"]
[Date "2017.03.05"]
[Round "4.2"]
[White "Catozzo, Vinicius Jr"]
[Black "Nachef, Kayo Ribeiro"]
[Result "1-0"]
[WhiteElo "2203"]
[BlackElo "2029"]
[PlyCount "63"]
[EventDate "2017.03.04"]
[EventType "team-tourn"]
[EventRounds "7"]
[EventCountry "BRA"]
[SourceTitle "CBM 177 Extra"]
[Source "ChessBase"]
[SourceDate "2017.04.27"]
[SourceVersion "1"]
[SourceVersionDate "2017.04.27"]
[SourceQuality "1"]
[WhiteTeam "Sao Jose FIP"]
[BlackTeam "Sao Jose CC"]
[WhiteTeamCountry "BRA"]
[BlackTeamCountry "BRA"]

1. d4 Nf6 2. c4 e5 3. dxe5 Ng4 4. Bf4 Nc6 5. Nf3 Bb4+ 6. Nbd2 Qe7 7. e3 Ngxe5 8. Nxe5 Nxe5 9. Be2 d6 10. 0-0 0-0 11. Nb3 Be6 12. a3 Bxa3 13. bxa3 Nxc4 14. Nd4 Nb6 15. Rc1 Nd5 16. Bg3 a6 17. Bf3 c6 18. Nxe6 fxe6 19. Qd2 Qg5 20. Bxd5 exd5 21. Bxd6 Rf7 22. Qb4 Re8 23. Rcd1 Re6 24. Bg3 h5 25. h4 Qg6 26. Qb1 Qf6 27. Rd4 g5 28. Rfd1 c5 29. hxg5 Qxg5 30. Rxd5 Qg4 31. Rxc5 h4 32. Rd4 1-0

[Event "Sao Paulo op-B U2050"]
[Site "Sao Paulo"]
[Date "2014.04.04"]
[Round "2"]
[White "Catozzo, Vinicius Jr"]
[Black "Medeiros, Thauane Ferreira"]
[Result "1-0"]
[WhiteElo "2059"]
[BlackElo "1876"]
[PlyCount "67"]
[EventDate "2014.04.03"]
[EventType "swiss"]
[EventRounds "6"]
[EventCountry "BRA"]
[SourceTitle "CBM 159 Extra"]
[Source "ChessBase"]
[SourceDate "2014.04.24"]
[SourceVersion "1"]
[SourceVersionDate "2014.04.24"]
[SourceQuality "1"]

1. d4 Nf6 2. c4 g6 3. Nc3 d5 4. e3 Bg7 5. Nf3 a6 6. Be2 dxc4 7. Bxc4 0-0 8. 0-0 b5 9. Bd3 c5 10. dxc5 Qc7 11. b4 Bb7 12. Bb2 Ng4 13. g3 Rd8 14. Nd4 h5 15. Qe2 Bxd4 16. exd4 Nc6 17. d5 Nxb4 18. c6 Bc8 19. Be4 Nf6 20. Rfd1 Bf5 21. Bxf5 gxf5 22. Qf3 Qe5 23. Na4 Qc7 24. Bxf6 exf6 25. Nc5 Nxd5 26. Rxd5 Rdc8 27. Qxf5 Qxc6 28. Ne4 Qe6 29. Nxf6+ Kf8 30. Nh7+ Kg7 31. Qxh5 f6 32. Rad1 Ra7 33. Rd6 Qe5 34. Qg4+ 1-0

[Event "BRA-ch Amateur"]
[Site "Sao Paulo"]
[Date "2014.03.01"]
[Round "2"]
[White "Catozzo, Vinicius Jr"]
[Black "Ichimura G Barbosa, Larissa Yuki"]
[Result "1-0"]
[WhiteElo "2049"]
[BlackElo "1896"]
[PlyCount "75"]
[EventDate "2014.03.01"]
[EventType "swiss"]
[EventRounds "7"]
[EventCountry "BRA"]
[SourceTitle "EXT 2016"]
[Source "ChessBase"]
[SourceDate "2015.10.08"]
[SourceVersion "1"]
[SourceVersionDate "2015.10.08"]
[SourceQuality "1"]

1. d4 Nf6 2. c4 g6 3. Nc3 Bg7 4. e4 d6 5. f3 0-0 6. Be3 e5 7. d5 c6 8. Bd3 cxd5 9. cxd5 Nbd7 10. Nge2 Nc5 11. Bc2 a5 12. 0-0 Nh5 13. a3 f5 14. b4 axb4 15. axb4 Rxa1 16. Qxa1 Nd7 17. Qa5 Qf6 18. Qc7 f4 19. Bf2 Qd8 20. Qxd8 Rxd8 21. Nb5 Bf8 22. Ra1 Ndf6 23. Ra8 Be7 24. Bb6 Re8 25. Bd3 Bd7 26. Ra7 Rc8 27. Rxb7 g5 28. Na7 Re8 29. Nc6 g4 30. Bc7 gxf3 31. gxf3 Bh3 32. Rb8 Kf7 33. Rxe8 Nxe8 34. Ba5 Nhf6 35. Ba6 Nd7 36. Bc8 Bh4 37. b5 Nef6 38. b6 1-0

[Event "BRA-ch Amateur"]
[Site "Sao Paulo"]
[Date "2013.02.10"]
[Round "3"]
[White "Catozzo, Vinicius Jr"]
[Black "Goncalves, Leonardo Yamamoto"]
[Result "0-1"]
[WhiteElo "2037"]
[BlackElo "1961"]
[PlyCount "58"]
[EventDate "2013.02.09"]
[EventType "swiss"]
[EventRounds "7"]
[EventCountry "BRA"]
[SourceTitle "CBM 152 Extra"]
[Source "ChessBase"]
[SourceDate "2013.02.25"]
[SourceVersion "1"]
[SourceVersionDate "2013.02.25"]
[SourceQuality "1"]

1. d4 d6 2. e4 Nf6 3. f3 c6 4. c4 Nbd7 5. Nc3 e5 6. Nge2 Be7 7. Be3 0-0 8. Ng3 a6 9. d5 cxd5 10. cxd5 b5 11. Be2 Ne8 12. 0-0 Bg5 13. Qd2 Bxe3+ 14. Qxe3 g6 15. b4 f5 16. f4 exf4 17. Rxf4 Ne5 18. exf5 Bxf5 19. Nxf5 Rxf5 20. Rxf5 gxf5 21. Rf1 Ng7 22. g4 fxg4 23. Ne4 Ne8 24. Qh6 Qe7 25. Ng5 Nc7 26. Ne4 Nxd5 27. Nxd6 Nc3 28. Bxg4 Nxg4 29. Qd2 Qe3+ 0-1

[Event "Sao Paulo Braga op"]
[Site "Sao Paulo"]
[Date "2011.04.23"]
[Round "6"]
[White "Feliciano Ebert, Vanessa"]
[Black "Catozzo, Vinicius Jr"]
[Result "1/2-1/2"]
[WhiteElo "2170"]
[BlackElo "2019"]
[PlyCount "44"]
[EventDate "2011.04.20"]
[EventType "swiss"]
[EventRounds "9"]
[EventCountry "BRA"]
[SourceTitle "CBM 141 Extra"]
[Source "ChessBase"]
[SourceDate "2011.05.03"]
[SourceVersion "1"]
[SourceVersionDate "2011.05.03"]
[SourceQuality "1"]

1. e4 e6 2. d4 d5 3. Nc3 dxe4 4. Nxe4 Nd7 5. Nf3 Be7 6. c3 Ngf6 7. Bd3 0-0 8. 0-0 b6 9. Re1 Bb7 10. Nxf6+ Nxf6 11. Bg5 h6 12. Bh4 Rc8 13. Qd2 Nh5 14. Bxe7 Qxe7 15. Qe3 c5 16. Rad1 Nf6 17. dxc5 Rxc5 18. Ne5 Rd8 19. Bc2 Rcd5 20. c4 Rxd1 21. Bxd1 Qb4 22. Bb3 Qd2 1/2-1/2

[Event "Sao Paulo Hebraica 09th A"]
[Site "Sao Paulo"]
[Date "2011.01.15"]
[Round "9.2"]
[White "Catozzo, Vinicius Jr"]
[Black "Rodrigues, Bruno Morado"]
[Result "0-1"]
[WhiteElo "2057"]
[BlackElo "2073"]
[PlyCount "52"]
[EventDate "2011.01.08"]
[EventType "tourn"]
[EventRounds "9"]
[EventCountry "BRA"]
[SourceTitle "EXT 2022"]
[Source "ChessBase"]
[SourceDate "2021.10.06"]
[SourceVersion "1"]
[SourceVersionDate "2021.10.06"]
[SourceQuality "1"]

1. d4 d5 2. c4 c6 3. Nc3 dxc4 4. Nf3 e6 5. e3 b5 6. a4 Bb4 7. Bd2 Qb6 8. Qb1 Nf6 9. axb5 cxb5 10. b3 Bxc3 11. Bxc3 b4 12. bxc4 Nc6 13. Ne5 a5 14. c5 Qc7 15. Nxc6 Qxc6 16. Rxa5 Rxa5 17. Qxb4 Qe4 18. Qxa5 Qb1+ 19. Ke2 Qc2+ 20. Bd2 Ne4 21. f4 f5 22. Ke1 Qb1+ 23. Ke2 0-0 24. g3 Bd7 25. Bg2 Bb5+ 26. Kf3 Qd3 0-1

[Event "Santos Paulista Absoluto"]
[Site "Santos"]
[Date "2010.08.20"]
[Round "3"]
[White "Alves, Felipe da Silva"]
[Black "Catozzo, Vinicius Jr"]
[Result "0-1"]
[WhiteElo "1532"]
[BlackElo "2071"]
[PlyCount "46"]
[EventDate "2010.08.19"]
[EventType "swiss"]
[EventRounds "7"]
[EventCountry "BRA"]
[SourceTitle "CBM 138 Extra"]
[Source "ChessBase"]
[SourceDate "2010.10.29"]
[SourceVersion "1"]
[SourceVersionDate "2010.10.29"]
[SourceQuality "1"]

1. e4 e6 2. d4 d5 3. e5 c5 4. c3 Qb6 5. Nf3 Nc6 6. Be2 cxd4 7. cxd4 Nge7 8. 0-0 Nf5 9. b3 Nfxd4 10. Be3 Nxf3+ 11. Bxf3 Bc5 12. Bxc5 Qxc5 13. Re1 Qd4 14. Qd2 Bd7 15. h3 Rc8 16. Qxd4 Nxd4 17. Bd1 Rc1 18. Kf1 Bb5+ 19. Kg1 Be2 20. Kh2 Bxd1 21. Re3 Kd7 22. Rd3 Nc2 23. Rc3 Rc8 0-1

[Event "Santos Paulista Absoluto"]
[Site "Santos"]
[Date "2010.08.20"]
[Round "5"]
[White "Catozzo, Vinicius Jr"]
[Black "Correa, Ariane Miranda"]
[Result "1-0"]
[WhiteElo "2071"]
[BlackElo "1774"]
[PlyCount "71"]
[EventDate "2010.08.19"]
[EventType "swiss"]
[EventRounds "7"]
[EventCountry "BRA"]
[SourceTitle "CBM 138 Extra"]
[Source "ChessBase"]
[SourceDate "2010.10.29"]
[SourceVersion "1"]
[SourceVersionDate "2010.10.29"]
[SourceQuality "1"]

1. d4 d5 2. c4 c6 3. Nc3 e6 4. Nf3 Nf6 5. Bg5 Be7 6. e3 Nbd7 7. Qc2 0-0 8. Bd3 dxc4 9. Bxc4 b5 10. Bd3 Bb7 11. 0-0 a6 12. a4 b4 13. Ne4 h6 14. Bxf6 Nxf6 15. Nfd2 Rc8 16. Nb3 a5 17. Rfc1 Nd7 18. Nec5 Nxc5 19. Nxc5 Bxc5 20. Qxc5 Qd5 21. Be2 e5 22. Qxd5 cxd5 23. dxe5 Rxc1+ 24. Rxc1 Rc8 25. Rxc8+ Bxc8 26. Bb5 Kf8 27. Kf1 Ke7 28. Ke2 Ke6 29. f4 Bb7 30. g3 g5 31. Kd3 Kf5 32. Bd7+ Kg6 33. Kd4 h5 34. f5+ Kg7 35. Kc5 Kf8 36. Kd6 1-0

[Event "Sao Paulo Hebraica 7th"]
[Site "Sao Paulo"]
[Date "2010.01.12"]
[Round "7"]
[White "Jardim, Daphne Tofano"]
[Black "Catozzo, Vinicius Jr"]
[Result "1-0"]
[WhiteElo "1947"]
[BlackElo "2062"]
[PlyCount "63"]
[EventDate "2010.01.07"]
[EventType "tourn"]
[EventRounds "9"]
[EventCountry "BRA"]
[SourceTitle "EXT 2022"]
[Source "ChessBase"]
[SourceDate "2021.10.06"]
[SourceVersion "1"]
[SourceVersionDate "2021.10.06"]
[SourceQuality "1"]

1. d4 d5 2. c4 c6 3. cxd5 cxd5 4. Nf3 Nc6 5. Nc3 Nf6 6. Bf4 Qb6 7. Na4 Qb4+ 8. Bd2 Qd6 9. e3 g6 10. Bb5 Bg7 11. 0-0 0-0 12. Rc1 Ne4 13. Bxc6 bxc6 14. a3 Nxd2 15. Nxd2 e5 16. dxe5 Bxe5 17. Nf3 Bg4 18. h3 Bxf3 19. Qxf3 Rfc8 20. b4 Rab8 21. Rc5 Qd7 22. Rfc1 Bd6 23. R5c3 Rb5 24. Nc5 Qe7 25. Nb3 Qd7 26. Qd1 Be5 27. R3c2 h5 28. Qd3 a6 29. Na5 Rb6 30. Nc4 Bc7 31. Nxb6 Bxb6 32. Qxa6 1-0

[Event "Sao Paulo Hebraica 7th"]
[Site "Sao Paulo"]
[Date "2010.01.07"]
[Round "1"]
[White "Catozzo, Vinicius Jr"]
[Black "Sztokbant, Bernardo Vainzoff"]
[Result "1-0"]
[WhiteElo "2062"]
[BlackElo "1957"]
[PlyCount "91"]
[EventDate "2010.01.07"]
[EventType "tourn"]
[EventRounds "9"]
[EventCountry "BRA"]
[SourceTitle "EXT 2022"]
[Source "ChessBase"]
[SourceDate "2021.10.06"]
[SourceVersion "1"]
[SourceVersionDate "2021.10.06"]
[SourceQuality "1"]

1. d4 Nf6 2. c4 e6 3. Nf3 b6 4. g3 Bb7 5. Bg2 Be7 6. 0-0 0-0 7. Nbd2 d6 8. b3 Nbd7 9. Bb2 c5 10. e3 Qc7 11. Re1 Ne4 12. Rc1 Ndf6 13. Qe2 Rfd8 14. Red1 Rac8 15. Nb1 a6 16. Na3 Qb8 17. Nc2 Qa8 18. Nce1 b5 19. dxc5 Rxc5 20. Nd2 bxc4 21. Nxc4 a5 22. f3 d5 23. Nb6 Qa7 24. Bd4 Rxc1 25. Rxc1 Bc5 26. Rxc5 Nxc5 27. Bxc5 Ba6 28. Qd2 Rc8 29. Qxa5 Rc7 30. b4 Qb7 31. Kf2 Bc4 32. Bf1 Bxf1 33. Kxf1 h6 34. Qa8+ Qxa8 35. Nxa8 Rb7 36. Nb6 Ne8 37. a4 Nc7 38. b5 f6 39. f4 Kf7 40. Nd3 Ke8 41. Ke2 Kd8 42. Kd2 Ra7 43. Nb4 Rxa4 44. Nc6+ Ke8 45. Nxa4 Nxb5 46. Nd4 1-0